000 00848nam a22002537a 4500
005 20130625113821.0
010 _aENG-107656
020 _a9781259097324
_c495.00
020 _a1259097323
_c495.00
035 _aEN-91189
037 _bDBAD/PUB
082 _a658.4092
245 _aWinning with transglobal leadership :
_cby Linda D. Sharkey ...[et al]
_bhow to find and develop top global talent to build world-class organizations /
260 _bTata McGraw Hill
_c2013
_aNew Delhi
270 _aP-24, Green Park Extnsion
_bNew Delhi
_e110016
300 _axii, 274 p.
_c24cm(pbk)
_bill.
500 _aIncludes index.
650 _aExecutive ability.
650 _aLeadership
650 _aExecutives
_xRecruiting
650 _aEmployee retention
700 _aSharkey, Linda D.
942 _2ddc
_cEN
_mWIN
_h658.4092
999 _c76939
_d76939